<?xml version="1.0" encoding="UTF-8"?>
<marc:record xmlns:marc="http://www.loc.gov/MARC21/slim">
   <marc:leader>00000nam a2200000 a 4500</marc:leader>
   <marc:datafield ind1="1" ind2=" " tag="100">
      <marc:subfield code="a">Holleben, Jan von</marc:subfield>
      <marc:subfield code="4">aut</marc:subfield>
      <marc:subfield code="e">Verfasser/-in</marc:subfield>
   </marc:datafield>
   <marc:datafield ind1="1" ind2=" " tag="100">
      <marc:subfield code="a">Kretschmer, Kristine</marc:subfield>
   </marc:datafield>
   <marc:datafield ind1="1" ind2=" " tag="100">
      <marc:subfield code="a">Baer-Krause, Jane</marc:subfield>
   </marc:datafield>
   <marc:datafield ind1="1" ind2=" " tag="100">
      <marc:subfield code="a">Holleben, Jan von</marc:subfield>
   </marc:datafield>
   <marc:datafield ind1=" " ind2=" " tag="653">
      <marc:subfield code="a">Kommunikationstechnologie</marc:subfield>
   </marc:datafield>
   <marc:datafield ind1=" " ind2=" " tag="653">
      <marc:subfield code="a">Internet</marc:subfield>
   </marc:datafield>
   <marc:datafield ind1=" " ind2=" " tag="653">
      <marc:subfield code="a">Neue Medien</marc:subfield>
   </marc:datafield>
   <marc:datafield ind1="0" ind2="0" tag="245">
      <marc:subfield code="a">WWWas?</marc:subfield>
   </marc:datafield>
   <marc:datafield ind1="0" ind2="0" tag="245">
      <marc:subfield code="b">alles, was du schon immer übers Internet wissen wolltest</marc:subfield>
   </marc:datafield>
   <marc:datafield ind1="0" ind2="0" tag="245">
      <marc:subfield code="c">Jan von Holleben</marc:subfield>
   </marc:datafield>
   <marc:datafield ind1=" " ind2="1" tag="264">
      <marc:subfield code="a">Stuttgart</marc:subfield>
      <marc:subfield code="b">Gabriel</marc:subfield>
      <marc:subfield code="c">2016</marc:subfield>
   </marc:datafield>
   <marc:datafield ind1="1" ind2=" " tag="520">
      <marc:subfield code="a">Internet für Kinder (und Erwachsene) verständlich erklärt: Wer hat es erfunden? Was ist ein Chat und WhatsApp? Kann man sich gegen Cybermobbing wehren? Sind Cookies Kekse? (ab 10) (JT) Viele Begriffe und Errungenschaften des Internets sind heute selbstverständlich geworden, allerdings weiß auch der halbwegs informierte Benutzer (User) kaum, was sie genau bedeuten. Was z.B. ist der Unterschied zwischen streamen und downloaden? Von A wie Account über H wie Hyperlink, N wie Netiquette, S wie SSD (Solid State Drive) bis zu W wie Würmer und Z wie Zugang wird alles sehr einleuchtend, plausibel und nachvollziehbar erklärt. Spannend und vielseitig wird dieses technische Wissen den LeserInnen präsentiert. Sichere Internetseiten für Kinder und Jugendliche sind ebenso angeführt. Dieses Buch sollte zum Standardwerk in Schulen und pädagogischen Einrichtungen werden. Die Fotos des Fotokünstlers Jan von Holleben, die er nach Gesprächen mit Kindern und Jugendlichen geplant und durchgeführt hat, ergänzen und bereichern das Buch und lassen es sehr jugendlich wirken. Like it!</marc:subfield>
   </marc:datafield>
   <marc:datafield ind1=" " ind2=" " tag="020">
      <marc:subfield code="a">9783522304474</marc:subfield>
      <marc:subfield code="9">9783522304474</marc:subfield>
   </marc:datafield>
   <marc:datafield ind1=" " ind2=" " tag="020">
      <marc:subfield code="a">3522304470</marc:subfield>
      <marc:subfield code="9">3522304470</marc:subfield>
   </marc:datafield>
   <marc:datafield ind1=" " ind2=" " tag="300">
      <marc:subfield code="a">159 S. : zahlr. Ill. (farb.)</marc:subfield>
   </marc:datafield>
</marc:record>
